000 00282nam a22001217a 4500
020 _a81-88759-42-2
082 _a823
_bSPI/U
245 _aTHE UGLY DUCKLING
260 _aCHENNAI
_bSPIDER BOOKS
520 _aENGLISH SHORT STORY
650 _aENGLISH SHORT STORY
_zCHENNAI
942 _cBK
999 _c5703
_d5703